Fundamentos de transferencia de momento, calor y masa.

Bibliographic Details
Main Author: Welty, James R
Format: Section = Libro
Language:Undetermined
Spanish
Published: México Limusa 2006
Edition:2a.ed.
Subjects:
LEADER 00735nam a2200229Ia 4500
008 240829s9999 xx 000 0 und d
020 |a 968-18-5896-4 
040 |a BIBLIOTECA-RUPAP 660.284292 W464 
041 |a spa 
082 |a 660.284292 W464 
100 1 |a Welty, James R  
245 1 0 |a Fundamentos de transferencia de momento, calor y masa. 
250 |a 2a.ed. 
260 |a México  |b Limusa  |c 2006 
300 |a 929 p. :il. 
650 7 |a TRANSFERENCIA DE MOMENTO-CALOR - MASA 
650 7 |b  ESTATICA DE FLUIDOS 
650 7 |c  ECUACIONES DIFERENCIALES - FLUJO DE FLUIDO 
650 7 |d  EBULLICION Y CONDENSACION. I. Wicks, Charles E, coaut. II. Wilson, Robert E, coaut. III. Tít. 
942 |c BK  |2 ddc 
991 |a TEXTO 
999 |c 10218